Images : Les meubles en héraldique (4) - Statistiques

Statistiques générales
  • Ce quiz a été pris 29 fois
  • Le résultat moyen est 13 sur 45
Statistiques - réponses
Par images Hint Réponse % Correct
Quel est cet animal ? {Serpent}
94%
Quel est ce végétal ? {Trèfle}
82%
Quel est ce coquillage ? {Coquille} {Saint}-{Jacques}
76%
Comme se nomme-t-il ? {Crabe}
71%
Qu'est ce ? {Etoile}
71%
Comment se nomme cet oiseau ? {Paon}
71%
Quelle est cette grille ? {Herse}
65%
Quel est cet animal ? {Léopard} rampant
59%
Quel est cet oiseau ? {Corbeau}
53%
Quelle est cette créature ? {Griffon}
53%
Quel est cet animal ? {Loup}
53%
Ce lion a pour caractéristique d'être {couronné}
41%
Quelle est cette croix ? Croix {orthodoxe}
41%
Quelle est cette arme ? {Grenade}
41%
Quel est cet oiseau ? {Oie}
41%
Ce lion est dit à la queue... {nouée}
35%
Ce lion est dit... {passant}
29%
Quelle est cette croix ? Croix {celtique}
24%
Ce loup est dit {hurlant}, contourné et brochant
24%
Qui est-ce ? {Mélusine}
18%
Quelle est cette arme ? {Pique}
18%
Quel est ce poisson ? {Saumon}
18%
Nom des aigles quand elles sont en nombre {Aiglette}
12%
Quelle est cette créature ? {Basilic}
12%
Ce lion est dit... {couard}
12%
Que symbolise ce dessin ? {Foi}
12%
Ce lion est dit... {morné}
12%
Ce lion est dit... {naissant}
12%
Quel est ce bateau ? {Nef}
12%
Comment se nomme cette pièce ? {Roc} d'échiquier
12%
Comment se nomme ce végétal stylisé ? {Tiercefeuille}
12%
Comment se nomme ce rectangle ? {Billette}
6%
Comment nomme-t-on cette montagne en héraldique ? {Coupeau}
6%
Quel est le nom des petites croix ? {Crosette}
6%
Il tient la meule {Fer} de moulin
6%
Quel est ce cor ? {Huchet}
6%
Quel est ce coquillage ? {Huitre}
6%
Quel est ce bateau ? {Navire} à la voile carguée
6%
Comment se nomme ce végétal stylisé ? {Quartefeuille}
6%
Ce loup est dit... {ravissant}
6%
Comment se nomme ce bras ? {Senestrochère}
6%
Comment se nomme cette boule de couleur ? {Tourteau}
6%
Ce lion est dit... {vilené}
6%
Quelle est cette croix ? Croix {patonnée}
0%
Comment s'appelle cette croix ? {Flanchis}
0%
Aucun quiz correspondant
Distribution des résultats
% des personnes avec chaque résultat
Percentile par nombre de réponses
Votre historique - résultats
Vous n’avez pas pris ce quiz